Представление документа в формате MARC21

Поле Инд. ПП Название Значение
Тип записи a
Библиографический уровень m
001 Контрольный номер 6f73655d-3a91-44ee-b004-e8134da18611
005 Дата корректировки 20140226174926.9
008 Кодируемые данные 010508s1986 rur a 000u 0rus d
020 c Цена, тираж 2.50
040 a Служба первич. каталог. RU-RKP
a Служба первич. каталог. НБ ТвГУ
041 a Код языка текста rus
080 a Индекс УДК 612.273.2
a Индекс УДК 612.223.11
084 a Индекс другой классификации/Индекс ББК Е903,13
090 a Полочн. индекс Е903,1
x Авторский знак А23
100 1_ a Автор Агаджанян Николай Александрович
q Полное имя Агаджанян Н. А.
245 00 a Заглавие Функции организма в условиях гипоксии и гиперкапнии
260 0_ a Место издания Москва
b Издательство Медицина
c Дата издания 1986
300 b Иллюстрации/ тип воспроизводства ил.
c Размеры 21 см
504 a Библиография Библиогр.: с. 258-270
650 a Основная рубрика Адаптация к недостатку кислорода
650 a Основная рубрика Гипоксия
x Основная подрубрика Влияние на организм
650 a Основная рубрика Гиперкапния
x Основная подрубрика Влияние на организм
700 1_ a Другие авторы Елфимов Александр Иванович
q Полное имя Елфимов, А. И.
852 t Порядковый номер экземпляра 1
p Инвентарный номер 561741
999 a Подразделение 2 Фил3